Ruins of desert cathay (Record no. 552699)
[ view plain ]
| 000 -LEADER | |
|---|---|
| fixed length control field | 00357nam a22001337a 4500 |
| 082 ## - DEWEY DECIMAL CLASSIFICATION NUMBER | |
| Classification number | 958 |
| Author Mark | STE |
| -- | D |
| 100 ## - MAIN ENTRY--PERSONAL NAME | |
| Personal name | Sten, M. Aurel |
| 9 (RLIN) | 49955 |
| 245 ## - TITLE STATEMENT | |
| Title | Ruins of desert cathay |
| Statement of responsibility, etc. | M.Aurel Sten |
| 260 ## - PUBLICATION, DISTRIBUTION, ETC. | |
| Place of publication, distribution, etc. | London : |
| Name of publisher, distributor, etc. | Macmillan & Co Ltd, |
| Date of publication, distribution, etc. | 1912. |
| 300 ## - PHYSICAL DESCRIPTION | |
| Extent | xxi, 517 p. : |
| 526 ## - STUDY PROGRAM INFORMATION NOTE | |
| Program name | 0 |
| Interest level | 0 |
| Reading level | 0 |
| Title point value | 958_000000000000000_STE |
| 650 ## - SUBJECT ADDED ENTRY--TOPICAL TERM | |
| Topical term or geographic name entry element | MCE |
| 9 (RLIN) | 379 |
| 942 ## - ADDED ENTRY ELEMENTS (KOHA) | |
| Source of classification or shelving scheme | |
| Koha item type | Book |
| Withdrawn status | Lost status | Source of classification or shelving scheme | Damaged status | Not for loan | Permanent Location | Current Location | Shelving location | Date acquired | Total Checkouts | Full call number | Barcode | Date last seen | Price effective from | Koha item type |
|---|---|---|---|---|---|---|---|---|---|---|---|---|---|---|
| Military College of Engineering (MCE) | Military College of Engineering (MCE) | 01/21/2015 | 958 STE | MCE-ECR.9.2 | 01/21/2015 | 01/21/2015 | Book |
